| 000 | 01554nam0a22003371 4500 | ||
|---|---|---|---|
| 001 | rc\3426990 | ||
| 005 | 20250610002716.0 | ||
| 021 |
_aRU _b[72-84397] |
||
| 035 | _a(NLR Aleph) 007584590 | ||
| 090 |
_a5544495 _c5544495 |
||
| 100 | _a20130115d1972 |||y0rusy50 ca | ||
| 101 | 0 | _arus | |
| 102 | _aRU | ||
| 105 | _aa z ||||| | ||
| 200 | 1 |
_aРоль диких животных и кровососущих членистоногих в эпизоотологии листериоза _fАН КиргССР. Ин-т биологии |
|
| 210 |
_aФрунзе _cИлим _d1972 |
||
| 215 |
_a123 с. _cил. _d22 |
||
| 300 | _aПеред загл. авт.: Р.В. Гребенюк, П.А. Чиров, А.М. Кадышева | ||
| 320 | _aСписок лит.: с. 111-122 | ||
| 606 |
_aЧленистоногие кровососущие _xЭпизоотологическое значение _2psbo |
||
| 606 |
_aЛистереллез сельскохозяйственных животных _xЭпизоотология _2psbo |
||
| 606 |
_aЖивотные дикие _xЭпизоотологическое значение _2psbo |
||
| 700 | 1 |
_aГребенюк _bР.В. _f1913- _gРаиса Васильевна |
|
| 701 | 1 |
_4070 _7ca _8rus _aЧиров _bП. А. _f1938-2006 _gПавел Абрамович _9247789 _3RU\NLR\AUTH\770247845 |
|
| 701 | 1 |
_aКадышева _bА.М. _gАнна Максимовна |
|
| 801 | 0 |
_aRU _bNLR _gpsbo |
|
| 801 | 1 |
_aRU _bELAR _2rusmarc |
|
| 852 |
_aNLR _j72-5/3885 |
||
| 942 | _cBOOK | ||
| 980 | _aNB | ||